| 000 | 00707nam a2200229Ia 4500 | ||
|---|---|---|---|
| 001 | 8801 | ||
| 003 | GE_BSU | ||
| 008 | 181216s||||||||xx |||||||||||||| ||und|| | ||
| 040 | _cGE_BSU | ||
| 080 | _a821.353.1–2 | ||
| 100 | _aკალანდაძე,გ | ||
| 245 | _aმთვარის საათი | ||
| 245 | _bპიესა | ||
| 245 | _cრედ.ვ.კიკნაძე;მხატვ.ლ.ზამბახიძე | ||
| 260 | _aთბილისი | ||
| 260 | _bსაქ.თეატრალური საზ–ბა | ||
| 260 | _c1976 | ||
| 300 | _a106გვ. 14სმ | ||
| 653 | _aმთვარის საათი | ||
| 653 | _aპიესა | ||
| 942 | _cBK | ||
| 999 |
_c42110 _d42110 |
||